Tratado de Libre Comercio entre Centroamérica y Estados Unidos /

Guardat en:
Dades bibliogràfiques
Autor principal: Trejos Zúñiga, Alberto
Format: Text
Etiquetes: Afegir etiqueta
Sense etiquetes, Sigues el primer a etiquetar aquest registre!

MARC

LEADER 00000 a a2200000 04500
001 8227
003
040
100 |a Trejos Zúñiga, Alberto  
245 |a Tratado de Libre Comercio entre Centroamérica y Estados Unidos /  |c Alberto Trejos Zúñiga 
773 |g volumen 6, número 4; páginas 6-7  
999 |c 31503  |d 31503